Informačno komunikačné technológie vo vyučovaní na stredných školách

Salvato in:
Dettagli Bibliografici
Autore principale: Čapkovičová, Lenka, 1988- (Autore)
Altri autori: Tóblová, Eva, 1978- (Relatore della tesi)
Natura: Manoscritto Libro
Lingua:slovacco
Pubblicazione: Trnava : STU v Bratislave MTF KIP, 2012
Soggetti:
Accesso online:VAIS
Tags: Aggiungi Tag
Nessun Tag, puoi essere il primo ad aggiungerne!!

MARC

LEADER 00000ntm a22000003a 4500
001 stu251435
005 20150617230200.1
008 120719s2012----xo------------------slo-d
040 |a STU  |b slo 
041 0 |a slo 
044 |a xo 
100 1 |a Čapkovičová, Lenka,  |d 1988-  |4 aut  |u M  |T MTF Materiálovotechnologická fakulta  |X 69738  |U M  |Y 60  |7 A000069738 
242 0 0 |a ICT in secondary schools  |y eng 
245 1 |a Informačno komunikačné technológie vo vyučovaní na stredných školách 
260 |a Trnava :  |b STU v Bratislave MTF KIP,  |c 2012 
300 |a 50 s  |c príl 
650 7 |a učiteľstvo praktických predmetov v technických odboroch  |2 stusub 
650 7 |a Teaching Practical Subjects in Engineering Majors  |2 estusub 
650 7 |a e-learning  |2 estusub 
650 7 |a World Wide Web  |2 estusub 
650 7 |a distance education  |2 estusub 
650 7 |a dištančné vzdelávanie  |2 stusub 
700 1 |a Tóblová, Eva,  |d 1978-  |4 ths  |u M220  |U MTF Ústav inžinierskej pedagogiky a humatitných vied  |T MTF Katedra inžinierskej pedagogiky a psychológie  |X 3820  |U M220  |Y M220  |7 A000003820 
856 4 |a info a plný text  |u http://is.stuba.sk/zp/portal_zp.pl?podrobnosti=71607  |3 VAIS 
996 |c M*BP-6730  |l MMSKP  |s P  |a 0  |w stu251435_0001